Tragedy of errors : (Record no. 194751)

000 -LEADER
fixed length control field 01176 a2200217 4500
003 - CONTROL NUMBER IDENTIFIER
control field NUST
005 - DATE AND TIME OF LATEST TRANSACTION
control field 20230209123624.0
010 ## - LIBRARY OF CONGRESS CONTROL NUMBER
LC control number 94930556
020 ## - INTERNATIONAL STANDARD BOOK NUMBER
International Standard Book Number 9698031197 :
040 ## - CATALOGING SOURCE
Transcribing agency Nust
082 00 - DEWEY DECIMAL CLASSIFICATION NUMBER
Classification number 954.91,MAT
100 1# - MAIN ENTRY--PERSONAL NAME
Personal name Matinuddin, Kamal.
245 10 - TITLE STATEMENT
Title Tragedy of errors :
Remainder of title East Pakistan crisis, 1968-1971 /
Statement of responsibility, etc. Kamal Matinuddin.
250 ## - EDITION STATEMENT
Edition statement 1st ed.
260 ## - PUBLICATION, DISTRIBUTION, ETC.
Place of publication, distribution, etc. Lahore, Pakistan :
Name of publisher, distributor, etc. Wajidalis,
Date of publication, distribution, etc. 1994.
300 ## - PHYSICAL DESCRIPTION
Extent 530 p. :
Other physical details ill., maps ;
Dimensions 23 cm.
505 ## - FORMATTED CONTENTS NOTE
Formatted contents note Causes of the Alienation of the eastern Wing (Page-47), Remedial Measures Taken (Page-93), Political Quagmire (Page-115), Mukti Bahini (Page-221), Military Action (Page-241), India Role in the Dismemberment of Pakistan (Page-273), Role of other Countries in the East Pakistan Crisis (Page-303), Indo –Pakistan War 1971 (Page-333), At the United Nations (Page-443), Causes of the Military Debacle in East Pakistan (Page-457), Causes of the Dismemberment of Pakistan (Page-473), Impact of the Emergence of Bangladesh on India Bangladesh and Pakistan (Page-483).
650 #0 - SUBJECT ADDED ENTRY--TOPICAL TERM
Topical term or geographic name entry element India-Pakistan Conflict, 1971.
651 #0 - SUBJECT ADDED ENTRY--GEOGRAPHIC NAME
Geographic name Bangladesh
General subdivision History
Chronological subdivision Revolution, 1971.
942 ## - ADDED ENTRY ELEMENTS (KOHA)
Source of classification or shelving scheme
Koha item type Book
Call number prefix 954.91,MAT
Holdings
Withdrawn status Lost status Source of classification or shelving scheme Damaged status Not for loan Permanent Location Current Location Shelving location Date acquired Total Checkouts Full call number Barcode Date last seen Date last checked out Price effective from Koha item type Public note Shelving control number
          Military College of Signals (MCS) Military College of Signals (MCS) General Stacks 12/12/2016 1 954.91,MAT MCS36466 12/10/2024 04/10/2023 12/12/2016 Book Almirah No.62, Shelf No.2  
          Military College of Signals (MCS) Military College of Signals (MCS) General Stacks 12/12/2016   954.91,MAT MCS37504 12/08/2016   12/12/2016 Book Almirah No.62, Shelf No.2 Pakistan History
© 2023 Central Library, National University of Sciences and Technology. All Rights Reserved.